01111nam a2200277 i 450000100060000000300090000600500170001500700030003200800410003502000180007608000190009408000220011310000360013524501800017126000380035130000270038949000250041650400310044165100590047265100540053170000430058583000330062885200330066199900170069495201220071119958ES-MaACL20230906152212.0t|020711s2002 sp ||||1| spa d a84-8432-311-0 a946.0"1931/39" a327(460)"1931/39"1 aBerdah, Jean-François.92786113aLa democracia asesinada b: la República española y las grandes potencias, 1931-1939 / cJean-François Berdah ; traducción castellana de María José Furió Sancho. aBarcelona : bCrítica, c[2002] aXII, 532 p. ; c24 cm.1 aCrítica contrastes aBibliografía: [519]-524. 4aEspaña-xHistoria-y1931-1939, II República.98283 4aEspaña-xPolítica exterior-y1931-1939.984231 aFurió Sancho, María José.9530420 aCrítica contrastes9180307 aES-MaACLjL-25958 bR.131636 c19958d19958 00104070aATENEOMbATENEOMcDEPO2d2008-01-17eSCl0oL-25958p1020443r2023-02-23 00:00:00w2023-02-23yMONOGRAFIA